| 000 | 01337aam a2200325 4500 | ||
|---|---|---|---|
| 001 | 20098 | ||
| 003 | CO-MdFUSB | ||
| 005 | 20180622170551.0 | ||
| 008 | 170605t2001 enk||||g |||| 00| 0 eng d | ||
| 020 | _a0-232-52386-X | ||
| 040 |
_aCO-MdFUSB _bspa _cCO-MdFUSB _dCO-MdFUSB _erda |
||
| 041 | _aeng | ||
| 082 |
_224 _aG 281.5 _bM478s |
||
| 100 | 1 |
_aMcGuckin, John Anthony _eautor |
|
| 245 | 1 | 0 |
_aStanding in God's holy fire _b: The byzantine tradition _c/ John Anthony McGuckin |
| 264 | 1 |
_aLondon : _bDarton, Longman & Todd, _c℗2001 |
|
| 264 | 4 | _c©2001 | |
| 300 |
_a172 páginias _b: _c; |
||
| 336 |
_2rdacontent _a1 _ba1 |
||
| 337 |
_2rdamedia _a2 _b5 |
||
| 338 |
_2rdacarrier _a2 _b5 |
||
| 490 | _aTraditions of Christian Spirituality Series | ||
| 504 | _aBibliografía (p. 164- 168) | ||
| 505 | 0 | 0 | _aBizancio: Un poco de historia - La estética bizantina teológica - Evagrio Pontike - La oración del corazón en la tradición del desierto - La tradición poética bizantina - Santos y sus hagiografías en el bizancio - El silencio luminoso de Hesicasmo - El mundo simbólico de la oración litúrgica oriental - La cultura espiritual del cristianismo bizantino |
| 563 | _aRústico | ||
| 650 | 0 |
_9153 _aHistoria de la Iglesia _yOriente |
|
| 650 | 7 |
_9207 _aRitos y ceremonias |
|
| 942 | _cBK | ||
| 999 |
_c46451 _d46451 |
||